Stage of Country Development - Statistics

General Stats
  • This quiz has been taken 5 times
  • The average score is 7 of 15
Answer Stats
Question Answer % Correct
Nauru 2
75%
USA 4
75%
Rwanda 1
50%
Philippines 2
50%
Venezuela 2
50%
South Africa 3
50%
Peru 3
50%
South Korea 4
50%
New Zealand 4
50%
Japan 5
50%
Algeria 2
25%
Malaysia 3
25%
Saudi Arabia 3
25%
Portugal 5
25%
Croatia 5
25%
No matching quizzes found
Score Distribution
Percent of People with Each Score
Percentile by Number Answered
Your Score History
You have not taken this quiz